000 00670nam a22001937a 4500
999 _c6563
_d6563
003 AR-CdUCM
008 190318b ||||| |||| 00| 0 spa d
020 _a84-303-0996-9
040 _aMUNICIPALIDAD PROVINCIAL DEL CUSCO
_cBIBLIOTECA MUNICIPAL DEL CUSCO
082 _a463 /
_bEN56
110 _aEditorial Ramón Sopena, S. A.
_918515
245 _aEnciclopedia Concisa Sopena :
_bDiccionario ilustrado de la lengua española /
260 _aEspaña :
_bEditorial Sopena S.A.,
_c1979.
300 _a4 Tomos ;
_bIlustraciones,
_c25 cm.
505 _aDiccionario ilustrado en Español.
650 _aDiccionario en Español
_918516
942 _2ddc
_cLIBROS
945 _awnts